| 000 | 00953cam a22002174a 4500 | ||
|---|---|---|---|
| 005 | 20250605164215.0 | ||
| 008 | 250528s ||||||||||||||||||||||||d | ||
| 035 | _a20425 | ||
| 020 | _a340325755 | ||
| 040 |
_aGR-AtMCL _bgre _dGR-AtMCL _eAACR2 |
||
| 245 | 1 | _aConsidering Prose | |
| 250 | _a1st | ||
| 260 |
_bHodder & Stoughton, _c1984 |
||
| 300 | _a204 | ||
| 520 | _aThis book presents such students with many new ways of tackling practical prose criticism, and offers them a combination of challenge and enjoyment, whether they are working in groups or individually. Preface, Introduction, Diction, Metaphorical Language, Rhythm, Point of View, Irony, Tone, Some Practice in Answering Examination Questions, Passages of Prose for Criticism, References to Pairings of Prose Passages, Index of Authors and Extracts. | ||
| 700 | 1 |
_aMayne Andrew _96408 |
|
| 700 | 1 |
_aShuttleworth John _96409 |
|
| 942 | _cBK | ||
| 999 |
_c5534 _d5534 |
||